| 000 | 00744nam a2200241 i 4500 | ||
|---|---|---|---|
| 001 | 133584 | ||
| 003 | ES-MaACL | ||
| 005 | 20250804062646.0 | ||
| 007 | t| | ||
| 008 | 070821s1972 sp ||||1| spa d | ||
| 080 | _a840-992"19" | ||
| 100 | 0 |
_aWolgensinger, Jacques _eaut _9117279 |
|
| 245 | 1 | 3 |
_aLa epopeya del crucero amarillo : _brelato / _cJacques Wolgensinger |
| 260 |
_aBilbao : _bMensajero, _c[1972] |
||
| 300 |
_a245 páginas : _bmapas ; _c21 cm |
||
| 490 | 1 |
_aHistoria y aventuras ; _v70 |
|
| 655 | 0 |
_aNovelas _9234319 |
|
| 830 | 0 | 0 |
_aHistoria y aventuras ; _v70 _9186948 |
| 852 |
_aES-MaACL _bR.81533 _jC-47353 _cDEPO2 |
||
| 942 |
_2udc _cMONOGRAFIA _n0 |
||
| 999 |
_c133584 _d133584 |
||